Book by First Name Mentioned Quiz Stats

Quiz Updated Mar 21, 2016

Challenge
Share
Tweet
Embed
Score 0/20 Timer 06:00
1 Play Today
Name Mentioned Book % Correct
Mr. Bilbo BagginsThe Fellowship of the Ring
89.6%
Scarlett O'HaraGone With the Wind
77.8%
IshmaelMoby-Dick
71.9%
Jem (Finch)To Kill a Mockingbird
71.5%
Jo (Josephine March)Little Women
57.7%
Mr. BennetPride and Prejudice
51.4%
Mr. Mark TwainAdventures of Huckleberry Finn
43.8%
AchillesThe Iliad
41%
Mr. BucketCharlie And The Chocolate Factory
34.9%
FlopsyThe Tale of Peter Rabbit
34.3%
Name Mentioned Book % Correct
YossarianCatch-22
32.9%
'Quixada, or Quezada'Don Quixote
32.2%
Winston SmithNineteen Eighty-Four
30.1%
Arthur DentThe Hitchhiker's Guide to the Galaxy
29.8%
LyraNorthern Lights
25.4%
Robinson KreutznaerRobinson Crusoe
19.3%
Jacques SaunièreThe Da Vinci Code
14.5%
David CopperfieldThe Catcher in the Rye
9.2%
Herbert ChorleyHarry Potter and the Half-Blood Prince
7.8%
Mr. JonesAnimal Farm
5.4%

You're not logged in!

Compare scores with friends on all Sporcle quizzes.
Join for Free
OR
Log In

You Might Also Like...

Show Comments

Extras

Top Quizzes Today


Score Distribution

Your Account Isn't Verified!

In order to create a playlist on Sporcle, you need to verify the email address you used during registration. Go to your Sporcle Settings to finish the process.

Report this User

Report this user for behavior that violates our Community Guidelines.

Details: